đŸŽ¶ Paroles "Kiss and love" Sidaction - Statistiques

Statistiques générales
  • Ce quiz a Ă©tĂ© pris 38 fois
  • Le rĂ©sultat moyen est 386 sur 485
Statistiques - réponses
Mots % Correct
a
100%
Ă 
100%
A
100%
A (Ă )
100%
and...
100%
and
100%
baiser
100%
(bien sûr)
100%
bouche ?
100%
C'
100%
c'
100%
(c'est)
100%
D'
100%
d'
100%
Kiss
100%
(Kiss and love)
100%
Kiss and love .....
100%
l'
100%
L'
100%
la
100%
lĂ 
100%
love !
100%
love
100%
love...
100%
me
100%
n'
100%
ohhh
100%
(Ohhh)
100%
(Oh Oh)
100%
(Oh oh)
100%
pas
100%
qu'
100%
s'
100%
se
100%
souviens-
100%
sur
100%
sûr
100%
Te
100%
te
100%
tu,
100%
tu
100%
Tu
100%
un
100%
dans
90%
Dans
90%
de
90%
De
90%
De (de)
90%
est
90%
notre
90%
peu
90%
Que
90%
Qui
90%
qui
90%
soi,
90%
soi
90%
soir,
90%
soir
90%
amour ?
80%
autre
80%
ça
80%
Ce
80%
ce
80%
en
80%
histoire
80%
nos
80%
On
80%
on
80%
On (on)
80%
(On s'est battus)
80%
Pour
80%
pour
80%
seule
80%
avait
70%
changé
70%
chose
70%
du
70%
Faire
70%
faire
70%
Gravé
70%
je
70%
Je
70%
(je suis tombée...)
70%
(Je suis tombée...)
70%
(Je suis tombée, yeah)
70%
Le
70%
le
70%
les
70%
mĂȘme
70%
mémoires
70%
nous
70%
Nous
70%
(nous étions là)
70%
peur
70%
quelque
70%
suis
70%
tombé
70%
tombé,
70%
tout,
70%
vers
70%
vois
70%
voix
70%
20
60%
ans
60%
Avant
60%
battus
60%
Bien
60%
Dire ! (Ohhh)
60%
dis
60%
Et
60%
étions
60%
Non,
60%
Plus (plus)
60%
Quand (quand)
60%
Quoi (quoi)
60%
toi
60%
avoir,
50%
bras,
50%
cause
50%
dégoût
50%
déjà
50%
Des
50%
doit
50%
espoirs
50%
était
50%
gens
50%
(le dégoût)
50%
Mais
50%
Sait (sait)
50%
savoir
50%
si
50%
son
50%
tes
50%
touche
50%
train
50%
Vivre !
50%
vous
50%
Vous (vous)
50%
arrivera
40%
continue
40%
défaut
40%
éloigner
40%
entre
40%
Face
40%
(face Ă  l'effroi)
40%
(Face Ă  l'effroi)
40%
injustice
40%
joue ?
40%
(L'injustice)
40%
monter,
40%
noyer
40%
partir...
40%
pire ?
40%
regards
40%
remplace
40%
rĂȘve
40%
Sans
40%
sens
40%
sourire,
40%
suivre
40%
tour ?
40%
vu
40%
broyer
30%
Car (car)
30%
cauchemar
30%
colĂšre
30%
effroi
30%
ĂȘtre
30%
Eu
30%
fuir
30%
impuissance
30%
Jusqu'
30%
larmes
30%
noir,
30%
pouvoir
30%
chavirent
20%
craindre
20%
écart
20%
hasard
20%
mis
20%
retenir,
20%
roue ?
20%
souvenir,
20%
tournait
20%
vécu,
20%
Veuillez
20%
absence
10%
avenir
10%
Aucun quiz correspondant
Distribution des résultats
% des personnes avec chaque résultat
Percentile par nombre de réponses
Votre historique - résultats
Vous n’avez pas pris ce quiz